Operations management: Selected readings (Record no. 30355)

MARC details
000 -LEADER
fixed length control field 00312nam a2200121Ia 4500
082 ## - DEWEY DECIMAL CLASSIFICATION NUMBER
Classification number 065
Item number GRO
100 ## - MAIN ENTRY--AUTHOR NAME
Personal name Groff, Gene K
245 #0 - TITLE STATEMENT
Title Operations management: Selected readings
260 ## - PUBLICATION, DISTRIBUTION, ETC. (IMPRINT)
Place of publication Bombay
Name of publisher Taraporevala
Year of publication 1975
700 ## - ADDED ENTRY--PERSONAL NAME
Personal name Muth, John F
942 ## - ADDED ENTRY ELEMENTS (KOHA)
Koha item type Books
Holdings
Withdrawn status Lost status Damaged status Not for loan Home library Current library Date acquired Cost, normal purchase price Full call number Accession Number Koha item type
        RRII Library RRII Library 16/12/2021 14.30 065 GRO 10927 Books